000 00305nam a22001337a 4500
008 171030b xxu||||| |||| 00| 0 eng d
020 _a0070342636
041 _aeng
080 _a336
100 _a56
101 _aFIN
245 _aCASE PROBLEMS IN INTERNATIONAL FINANCE
_cKESTER,W.C
942 _2udc
_cBK
999 _c36386
_d36386